Estatísticas para Maiores cidades da Região do Algarve

Clique aqui para jogar o quiz

Estatísticas Gerais

  • Esse quiz foi jogado 48 vezes
  • A pontuação média é 8 de 11

Estatísticas das Respostas

PopulaçãoResposta% Correto
47 575Faro
97%
45 431Portimão
86%
22 095Lagos
79%
26 742Albufeira
76%
26 791Loulé
66%
15 133Tavira
66%
14 914Olhão
66%
7 266Lagoa
66%
21 798Quarteira
62%
11 964Vila Real de Santo António
59%
11 014Silves
52%

Distribuição das Pontuações

Percentil de Números Respondidos

Porcentagem de Pessoas com Cada Pontuação

Sua Pontuação Histórica

Você não jogou esse quiz